[Event "Titled Tuesday intern op 02nd Nov"]
[Site "Chess.com INT"]
[Date "2021.11.02"]
[Round "1"]
[White "Huda, Maryana"]
[Black "Srebrnic, Marko"]
[Result "0-1"]
[WhiteElo "2128"]
[BlackElo "2372"]
[PlyCount "156"]
[EventDate "2021.11.02"]
[EventType "swiss (blitz)"]
[EventRounds "11"]
[EventCountry "USA"]
[SourceTitle "CBM 205 Extra"]
[Source "ChessBase"]
[SourceDate "2022.01.31"]
[SourceVersion "1"]
[SourceVersionDate "2022.01.31"]
[SourceQuality "1"]

1. c4 g6 2. Nc3 Bg7 3. d4 Nf6 4. Nf3 d6 5. e4 0-0 6. Be2 e5 7. dxe5 dxe5 8. Qxd8 Rxd8 9. Bg5 c6 10. 0-0 h6 11. Bh4 Re8 12. Rfd1 Nbd7 13. Rd2 Nc5 14. Bxf6 Bxf6 15. Rad1 Bg4 16. h3 Bxf3 17. Bxf3 Rad8 18. b4 Rxd2 19. Rxd2 Ne6 20. Ne2 Rd8 21. Rxd8+ Bxd8 22. Bg4 Ng5 23. Nc3 Be7 24. a3 Kf8 25. h4 Nh7 26. g3 Nf6 27. Bf3 Ke8 28. Kf1 Kd7 29. Ke2 a5 30. c5 axb4 31. axb4 Ne8 32. Kd3 Ng7 33. Kc4 Kc7 34. b5 Ne6 35. b6+ Kd8 36. Na4 Nd4 37. Bd1 h5 38. f4 Ne6 39. f5 Ng7 40. fxg6 fxg6 41. Nc3 Ne6 42. Na4 Nd4 43. Nc3 Kd7 44. Na4 Ke6 45. Nc3 Kf6 46. Ne2 Ne6 47. Ng1 Nxc5 48. Bc2 Nd7 49. Nf3 Nxb6+ 50. Kd3 Nc8 51. Bb3 Nd6 52. Ng5 b5 53. Nh7+ Kg7 54. Ng5 Bxg5 55. hxg5 c5 56. Bd5 Kf8 57. Kc3 Ke7 58. Kd3 Kd7 59. Kc3 Kc7 60. Kb3 Kb6 61. Kc3 b4+ 62. Kb3 Kb5 63. Be6 c4+ 64. Kb2 Kc5 65. Kc2 Kd4 66. Bf5 gxf5 67. g6 Ne8 68. exf5 Nf6 69. g7 e4 70. Kd2 c3+ 71. Kc2 e3 72. g4 hxg4 73. g8Q Nxg8 74. f6 Nxf6 75. Kb3 e2 76. Kc2 e1Q 77. Kb3 Qb1+ 78. Ka4 Kc5 0-1

[Event "Titled Tuesday intern op 17th Aug"]
[Site "Chess.com INT"]
[Date "2021.08.17"]
[Round "1"]
[White "Eynullayev, Atilla Elshan"]
[Black "Huda, Maryana"]
[Result "1-0"]
[WhiteElo "2347"]
[BlackElo "2128"]
[PlyCount "65"]
[EventDate "2021.08.17"]
[EventType "swiss (blitz)"]
[EventRounds "11"]
[EventCountry "USA"]
[SourceTitle "EXT 2022"]
[Source "ChessBase"]
[SourceDate "2021.10.06"]
[SourceVersion "1"]
[SourceVersionDate "2021.10.06"]
[SourceQuality "1"]

1. d4 Nf6 2. c4 e6 3. Nc3 Bb4 4. Nf3 0-0 5. e3 c5 6. Bd3 d5 7. 0-0 Nc6 8. a3 Bxc3 9. bxc3 b6 10. cxd5 exd5 11. Nd2 Re8 12. a4 Bg4 13. f3 Bh5 14. Re1 Bg6 15. Bb5 Qc7 16. Nf1 a6 17. Bd3 c4 18. Bb1 b5 19. Bd2 Na5 20. Ng3 Nb3 21. Ra2 Bxb1 22. Qxb1 bxa4 23. e4 Rab8 24. Qc2 Qb6 25. e5 Nd7 26. Be3 f6 27. f4 fxe5 28. fxe5 Rf8 29. Rxa4 Qc6 30. Ra2 a5 31. Nf5 Qe6 32. Rf1 g6 33. Nh6+ 1-0

[Event "PNWCC Super G60 Mar Gp1"]
[Site "Chess.com INT"]
[Date "2021.03.28"]
[Round "5"]
[White "Huda, Maryana"]
[Black "Yan, Rui Yang"]
[Result "1/2-1/2"]
[WhiteElo "2128"]
[BlackElo "2093"]
[PlyCount "62"]
[EventDate "2021.03.27"]
[EventType "swiss (rapid)"]
[EventRounds "6"]
[EventCountry "USA"]
[SourceTitle "CBM 201 Extra"]
[Source "ChessBase"]
[SourceDate "2021.05.31"]
[SourceVersion "1"]
[SourceVersionDate "2021.05.31"]
[SourceQuality "1"]

1. Nf3 Nf6 2. c4 e6 3. Nc3 d5 4. d4 Bb4 5. Qa4+ Nc6 6. Bg5 h6 7. Bxf6 Qxf6 8. e3 0-0 9. cxd5 exd5 10. Be2 Be6 11. 0-0 a6 12. Rac1 Bd6 13. Rfd1 Ne7 14. e4 dxe4 15. Nxe4 Qf4 16. Nxd6 Qxd6 17. Qa5 Nd5 18. Ne5 Rad8 19. a3 f6 20. Nd3 Rfe8 21. Bf3 c6 22. Qc5 Qxc5 23. Nxc5 Bc8 24. b4 Re7 25. Kf1 Nf4 26. a4 g5 27. Nd3 Nxd3 28. Rxd3 Bf5 29. Rd2 Red7 30. b5 axb5 31. axb5 Rxd4 1/2-1/2

[Event "PNWCC Super G60 Jan Gp1"]
[Site "Chess.com INT"]
[Date "2021.01.17"]
[Round "4"]
[White "Xie, Bryan"]
[Black "Huda, Maryana"]
[Result "1/2-1/2"]
[WhiteElo "2050"]
[BlackElo "2128"]
[PlyCount "57"]
[EventDate "2021.01.16"]
[EventType "swiss"]
[EventRounds "6"]
[EventCountry "USA"]
[SourceTitle "CBM 200 Extra"]
[Source "ChessBase"]
[SourceDate "2021.03.31"]
[SourceVersion "1"]
[SourceVersionDate "2021.03.31"]
[SourceQuality "1"]

1. d4 d5 2. Nf3 Nf6 3. Bf4 c5 4. e3 Nc6 5. c3 e6 6. Nbd2 Bd6 7. Bg3 a6 8. Bd3 Qe7 9. dxc5 Bxc5 10. Ne5 0-0 11. 0-0 Rd8 12. Ndf3 Bd7 13. Bh4 Qf8 14. Nxc6 Bxc6 15. Ne5 Be7 16. f4 Nd7 17. Bxe7 Qxe7 18. Nf3 Rac8 19. a4 e5 20. fxe5 Nxe5 21. Bf5 Rc7 22. Nxe5 Qxe5 23. Qd4 Re8 24. Rf3 g6 25. Bc2 Rce7 26. Raf1 Qxd4 27. exd4 f5 28. h3 Re2 29. R3f2 1/2-1/2

[Event "Titled Tuesday intern op 12th Jan"]
[Site "Chess.com INT"]
[Date "2021.01.12"]
[Round "6"]
[White "Cramling Bellon, Anna"]
[Black "Huda, Maryana"]
[Result "1-0"]
[WhiteElo "2035"]
[BlackElo "2128"]
[PlyCount "79"]
[EventDate "2021.01.12"]
[EventType "swiss (blitz)"]
[EventRounds "11"]
[EventCountry "USA"]
[SourceTitle "CBM 200 Extra"]
[Source "ChessBase"]
[SourceDate "2021.03.31"]
[SourceVersion "1"]
[SourceVersionDate "2021.03.31"]
[SourceQuality "1"]

1. d4 d5 2. c4 c6 3. Nf3 Nf6 4. Nc3 e6 5. e3 Nbd7 6. Bd3 dxc4 7. Bxc4 b5 8. Bd3 Bb7 9. e4 a6 10. e5 Nd5 11. Ng5 Nxc3 12. Qf3 Qe7 13. bxc3 f6 14. Qh5+ g6 15. Bxg6+ hxg6 16. Qxg6+ Kd8 17. Nf7+ Kc7 18. Nxh8 fxe5 19. dxe5 Qc5 20. 0-0 Qxc3 21. Bf4 Bc5 22. Nf7 Qc4 23. Bg3 Rf8 24. Ng5 Kb6 25. Nxe6 Rh8 26. Nxc5 Nxc5 27. Rac1 Qb4 28. e6 Ne4 29. Qg7 Nxg3 30. hxg3 Re8 31. Qf7 Re7 32. Qf6 Qd6 33. Rfd1 Qc7 34. Qd4+ Ka5 35. a3 Bc8 36. Qb4+ Kb6 37. Qc5+ Kb7 38. Rd3 Bxe6 39. Re3 Qd7 40. Rce1 1-0

[Event "Titled Tuesday intern op 12th Jan"]
[Site "Chess.com INT"]
[Date "2021.01.12"]
[Round "10"]
[White "Huda, Maryana"]
[Black "Gabriel, Robert A"]
[Result "1-0"]
[WhiteElo "2128"]
[BlackElo "2236"]
[PlyCount "47"]
[EventDate "2021.01.12"]
[EventType "swiss (blitz)"]
[EventRounds "11"]
[EventCountry "USA"]
[SourceTitle "CBM 200 Extra"]
[Source "ChessBase"]
[SourceDate "2021.03.31"]
[SourceVersion "1"]
[SourceVersionDate "2021.03.31"]
[SourceQuality "1"]

1. Nf3 d5 2. g3 Nf6 3. Bg2 e6 4. 0-0 c5 5. c4 dxc4 6. Na3 Bd7 7. Ne5 Bc6 8. Nxc6 Nxc6 9. Bxc6+ bxc6 10. Nxc4 Be7 11. Qa4 Qd5 12. d3 h5 13. h4 0-0 14. Bg5 Rfc8 15. Rac1 Qf5 16. Ne3 Qh3 17. Bxf6 Bxf6 18. Rxc5 g6 19. b3 Rab8 20. Rxc6 Rxc6 21. Qxc6 Bd4 22. Qd6 Bxe3 23. Qxb8+ Kh7 24. fxe3 1-0

[Event "Titled Tuesday intern op 29th Dec"]
[Site "Chess.com INT"]
[Date "2020.12.29"]
[Round "6"]
[White "Huda, Maryana"]
[Black "Koellner, Ruben Gideon"]
[Result "1/2-1/2"]
[WhiteElo "2128"]
[BlackElo "2412"]
[PlyCount "154"]
[EventDate "2020.12.29"]
[EventType "swiss (blitz)"]
[EventRounds "11"]
[EventCountry "USA"]
[SourceTitle "CBM 200 Extra"]
[Source "ChessBase"]
[SourceDate "2021.03.31"]
[SourceVersion "1"]
[SourceVersionDate "2021.03.31"]
[SourceQuality "1"]

1. Nf3 d6 2. d4 Nf6 3. g3 g6 4. Bg2 Bg7 5. 0-0 0-0 6. b3 c6 7. Bb2 Nbd7 8. c4 Re8 9. Nc3 Qc7 10. e4 e5 11. dxe5 dxe5 12. Qc2 Nc5 13. b4 Ne6 14. Rfd1 Nd7 15. c5 b6 16. cxb6 axb6 17. a3 Bb7 18. Rac1 Rac8 19. Bh3 Ndf8 20. Na4 Rcd8 21. Bc3 h6 22. Qe2 Nd4 23. Bxd4 exd4 24. Qc2 Ne6 25. Nb2 c5 26. Nd2 Rc8 27. bxc5 bxc5 28. Nd3 Bf8 29. f3 Ba6 30. Nc4 Qa7 31. Rb1 Rb8 32. Kg2 Rxb1 33. Rxb1 Rb8 34. Rxb8 Qxb8 35. Kf2 Qb5 36. Ndb2 Bg7 37. Bf1 Qb7 38. Bd3 Qc6 39. Kg2 Qa8 40. Qa4 Bb7 41. Qxa8+ Bxa8 42. a4 Nc7 43. a5 Bb7 44. Nd6 Ba6 45. Bxa6 Nxa6 46. Nbc4 Bf8 47. Nb5 Be7 48. f4 Kf8 49. Kf3 Ke8 50. e5 Kd7 51. Ke4 Kc6 52. Nba3 Nb4 53. h4 h5 54. f5 gxf5+ 55. Kxf5 Kd5 56. g4 hxg4 57. Kxg4 d3 58. h5 d2 59. Nxd2 Kxe5 60. h6 f5+ 61. Kh5 Kf6 62. Nf3 Bf8 63. Nc4 Na6 64. Nfe5 Bxh6 65. Kxh6 f4 66. Kh5 Kf5 67. Kh6 Ke4 68. Kg6 f3 69. Nxf3 Kxf3 70. Kf5 Ke2 71. Ke5 Nb4 72. Kd6 Kd3 73. Kxc5 Na6+ 74. Kb5 Nc7+ 75. Kc6 Kxc4 76. Kxc7 Kb5 77. a6 Kxa6 1/2-1/2

[Event "Titled Tuesday intern op 29th Dec"]
[Site "Chess.com INT"]
[Date "2020.12.29"]
[Round "4"]
[White "Huda, Maryana"]
[Black "Safin, Robert"]
[Result "1-0"]
[WhiteElo "2128"]
[BlackElo "2283"]
[PlyCount "131"]
[EventDate "2020.12.29"]
[EventType "swiss (blitz)"]
[EventRounds "11"]
[EventCountry "USA"]
[SourceTitle "CBM 200 Extra"]
[Source "ChessBase"]
[SourceDate "2021.03.31"]
[SourceVersion "1"]
[SourceVersionDate "2021.03.31"]
[SourceQuality "1"]

1. Nf3 Nf6 2. g3 g6 3. Bg2 Bg7 4. 0-0 0-0 5. d4 d6 6. b3 Nbd7 7. Bb2 c6 8. c4 Re8 9. Nc3 e5 10. dxe5 dxe5 11. Nd2 Nc5 12. Nde4 Nfxe4 13. Nxe4 Qb6 14. Nxc5 Qxc5 15. Qc1 Bg4 16. Re1 a5 17. a4 Qb6 18. Qc3 Rad8 19. h3 Be6 20. Rad1 f5 21. h4 Re7 22. h5 Red7 23. Rxd7 Rxd7 24. hxg6 hxg6 25. Qc2 Qd8 26. Bc3 Kf7 27. e3 e4 28. Bxg7 Kxg7 29. Qc3+ Kf7 30. Bf1 c5 31. Be2 Rd2 32. Kg2 b6 33. Qe5 Rb2 34. Qxb2 Qd6 35. Rh1 f4 36. Rh7+ Kf8 37. Qf6+ Ke8 38. Rh8+ Kd7 39. Rd8+ Kc7 40. Rxd6 Kxd6 41. Qxf4+ Kd7 42. Qxe4 Bf5 43. Qd5+ Kc7 44. Bf3 Bd7 45. Qb7+ Kd8 46. Qxb6+ Ke7 47. Qxc5+ Kd8 48. Qxa5+ Ke8 49. Qg5 Bf5 50. g4 Bc2 51. Bd5 Kd7 52. e4 Kd6 53. Qxg6+ Kc5 54. Qc6+ Kd4 55. Qb6+ Kc3 56. c5 Bd3 57. c6 Kb2 58. Kg3 Ba6 59. Qxa6 Kc3 60. Qc4+ Kb2 61. b4 Ka3 62. Qc3+ Kxa4 63. b5 Kxb5 64. c7 Kb6 65. Qc6+ Ka7 66. Qb7# 1-0

[Event "Titled Tuesday intern op 29th Dec"]
[Site "Chess.com INT"]
[Date "2020.12.29"]
[Round "3"]
[White "Petrova, Irina"]
[Black "Huda, Maryana"]
[Result "0-1"]
[WhiteElo "2077"]
[BlackElo "2128"]
[PlyCount "74"]
[EventDate "2020.12.29"]
[EventType "swiss (blitz)"]
[EventRounds "11"]
[EventCountry "USA"]
[SourceTitle "CBM 200 Extra"]
[Source "ChessBase"]
[SourceDate "2021.03.31"]
[SourceVersion "1"]
[SourceVersionDate "2021.03.31"]
[SourceQuality "1"]

1. e4 e5 2. Nf3 Nc6 3. d3 Nf6 4. Nbd2 d5 5. Be2 Bc5 6. 0-0 0-0 7. c3 a5 8. h3 a4 9. Re1 Re8 10. Bf1 b6 11. Qc2 h6 12. exd5 Qxd5 13. Ne4 Be7 14. Nxf6+ Bxf6 15. d4 Bb7 16. c4 Nxd4 17. Nxd4 Qxd4 18. Be3 Qd7 19. Rad1 Qc6 20. Qf5 Bc8 21. Qh5 Qe6 22. b3 Qf5 23. Qe2 axb3 24. axb3 Bb7 25. c5 bxc5 26. Bxc5 e4 27. Be3 Ba6 28. Qc2 Bxf1 29. Rxf1 Be5 30. g3 Qf3 31. Kh2 Bxg3+ 32. fxg3 Qxe3 33. Qc4 Rf8 34. Qxc7 Ra2+ 35. Kh1 Qe2 36. Qxf7+ Rxf7 37. Rd8+ Kh7 0-1

[Event "Titled Tuesday intern op 29th Dec"]
[Site "Chess.com INT"]
[Date "2020.12.29"]
[Round "1"]
[White "Shapiro, David"]
[Black "Huda, Maryana"]
[Result "1-0"]
[WhiteElo "2399"]
[BlackElo "2128"]
[PlyCount "103"]
[EventDate "2020.12.29"]
[EventType "swiss (blitz)"]
[EventRounds "11"]
[EventCountry "USA"]
[SourceTitle "CBM 200 Extra"]
[Source "ChessBase"]
[SourceDate "2021.03.31"]
[SourceVersion "1"]
[SourceVersionDate "2021.03.31"]
[SourceQuality "1"]

1. d4 d5 2. c4 c6 3. Nc3 Nf6 4. Bg5 Nbd7 5. cxd5 cxd5 6. e3 h6 7. Bh4 e6 8. Bd3 Be7 9. Nf3 0-0 10. 0-0 b6 11. Rc1 Bb7 12. Bg3 a6 13. Ne5 b5 14. Bb1 Rc8 15. Qd3 Re8 16. Bh4 Nf8 17. Ne2 Qd6 18. Bg3 Qb4 19. Qb3 Qxb3 20. axb3 Ne4 21. Bxe4 dxe4 22. f3 f6 23. Ng4 h5 24. Nf2 exf3 25. gxf3 Bxf3 26. Nc3 Bb7 27. h4 Nd7 28. Nd3 Kf7 29. Nf4 g6 30. Nd3 Nb6 31. e4 Kg7 32. Bf2 Nd7 33. d5 exd5 34. Nxd5 Bxd5 35. exd5 Ne5 36. Nxe5 fxe5 37. Bg3 Bd6 38. Rc6 Rxc6 39. dxc6 Rc8 40. Rd1 Rxc6 41. Re1 Kf6 42. Rf1+ Ke6 43. Re1 Rc2 44. Ra1 Rxb2 45. Rxa6 Rxb3 46. Bf2 Rb1+ 47. Kg2 Rb2 48. Kf3 Rb3+ 49. Kg2 Rb2 50. Kf3 Rb3+ 51. Kg2 Rc3 52. Be1 1-0

[Event "Titled Tuesday intern op 29th Dec"]
[Site "Chess.com INT"]
[Date "2020.12.29"]
[Round "11"]
[White "Yang, Kaiqi"]
[Black "Huda, Maryana"]
[Result "1-0"]
[WhiteElo "2481"]
[BlackElo "2128"]
[PlyCount "55"]
[EventDate "2020.12.29"]
[EventType "swiss (blitz)"]
[EventRounds "11"]
[EventCountry "USA"]
[SourceTitle "CBM 200 Extra"]
[Source "ChessBase"]
[SourceDate "2021.03.31"]
[SourceVersion "1"]
[SourceVersionDate "2021.03.31"]
[SourceQuality "1"]

1. d4 d5 2. Nf3 Nf6 3. Bf4 c5 4. e3 Nc6 5. c3 e6 6. Nbd2 Bd6 7. Bg3 Qe7 8. Bb5 Bd7 9. 0-0 Bxg3 10. hxg3 0-0 11. Bxc6 Bxc6 12. Ne5 Rac8 13. g4 Nd7 14. Nxd7 Bxd7 15. f4 Qh4 16. g5 f6 17. gxf6 gxf6 18. Rf3 e5 19. fxe5 Bg4 20. Rf4 h5 21. Qb3 Qg3 22. Qxd5+ Kh8 23. Nf1 Qh4 24. exf6 cxd4 25. exd4 Rce8 26. g3 Qh3 27. Qg5 Rg8 28. Qh6# 1-0

[Event "Titled Tuesday intern op 22nd Dec"]
[Site "Chess.com INT"]
[Date "2020.12.22"]
[Round "7"]
[White "Ozdemir, Serhan Berat"]
[Black "Huda, Maryana"]
[Result "1-0"]
[WhiteElo "2191"]
[BlackElo "2128"]
[PlyCount "49"]
[EventDate "2020.12.22"]
[EventType "swiss (blitz)"]
[EventRounds "11"]
[EventCountry "USA"]
[SourceTitle "CBM 199 Extra"]
[Source "ChessBase"]
[SourceDate "2021.01.31"]
[SourceVersion "1"]
[SourceVersionDate "2021.01.31"]
[SourceQuality "1"]

1. e4 e5 2. Nf3 Nc6 3. d4 exd4 4. Bc4 Nf6 5. e5 d5 6. Bb5 Ne4 7. Nxd4 Bd7 8. Bxc6 bxc6 9. 0-0 c5 10. Ne2 Bc6 11. Nbc3 Nxc3 12. bxc3 Be7 13. f4 0-0 14. Ng3 g6 15. f5 Re8 16. Qg4 Bf8 17. e6 fxe6 18. fxg6 h6 19. Rf7 d4 20. Nh5 Be7 21. Bxh6 Qd5 22. Rxe7 Qe5 23. Rg7+ Kh8 24. Rh7+ Kg8 25. Rf1 1-0

[Event "Titled Tuesday intern op 22nd Dec"]
[Site "Chess.com INT"]
[Date "2020.12.22"]
[Round "1"]
[White "Taichman, Ori"]
[Black "Huda, Maryana"]
[Result "1-0"]
[WhiteElo "2284"]
[BlackElo "2128"]
[PlyCount "63"]
[EventDate "2020.12.22"]
[EventType "swiss (blitz)"]
[EventRounds "11"]
[EventCountry "USA"]
[SourceTitle "CBM 199 Extra"]
[Source "ChessBase"]
[SourceDate "2021.01.31"]
[SourceVersion "1"]
[SourceVersionDate "2021.01.31"]
[SourceQuality "1"]

1. e4 e5 2. d4 exd4 3. Qxd4 Nc6 4. Qe3 Nf6 5. Nc3 Bb4 6. Bd2 0-0 7. 0-0-0 Re8 8. Qg3 Rxe4 9. a3 Bd6 10. f4 Re8 11. Bd3 Bc5 12. Nf3 Be3 13. Bxe3 Rxe3 14. Rhe1 Rxe1 15. Rxe1 d5 16. Ne5 a6 17. Qh4 Ne7 18. g4 Ng6 19. Nxg6 hxg6 20. g5 Ne4 21. Nxe4 dxe4 22. Bxe4 Be6 23. Bxg6 fxg6 24. Rxe6 Qd5 25. Qe1 Qf3 26. Qd2 Rf8 27. Rxg6 Rxf4 28. Re6 Qh1+ 29. Re1 Rf1 30. Qd8+ Kh7 31. Qd3+ Kg8 32. Qxf1 1-0

[Event "Titled Tuesday intern op 15st Dec"]
[Site "Chess.com INT"]
[Date "2020.12.15"]
[Round "11"]
[White "Huda, Maryana"]
[Black "Djordjevic, Dejan N"]
[Result "0-1"]
[WhiteElo "2128"]
[BlackElo "2166"]
[PlyCount "68"]
[EventDate "2020.12.15"]
[EventType "swiss (blitz)"]
[EventRounds "11"]
[EventCountry "USA"]
[SourceTitle "CBM 199 Extra"]
[Source "ChessBase"]
[SourceDate "2021.01.31"]
[SourceVersion "1"]
[SourceVersionDate "2021.01.31"]
[SourceQuality "1"]

1. Nf3 Nf6 2. g3 g6 3. Bg2 Bg7 4. 0-0 d6 5. d4 0-0 6. b3 Nc6 7. Bb2 Bg4 8. d5 Nb4 9. h3 Bd7 10. e4 c6 11. a3 Na6 12. Nd4 c5 13. Ne2 b5 14. Nd2 Rb8 15. Qc1 Qc8 16. Kh2 c4 17. b4 e6 18. Bd4 Qc7 19. dxe6 fxe6 20. f4 e5 21. Bc3 Rbe8 22. Qb2 Nb8 23. Rae1 Bc6 24. f5 gxf5 25. Rxf5 Nbd7 26. g4 Kh8 27. Ng3 Ng8 28. Kh1 Ne7 29. Rff1 Ng6 30. Nf5 Nf4 31. Nf3 Nf6 32. Ng5 h6 33. Nf3 Nxe4 34. N3h4 Ng5 0-1